<?xml version="1.0" encoding="UTF-8" ?>
<collection xmlns="http://www.loc.gov/MARC21/slim"><record><leader>00924nam a2200265   4500</leader><controlfield tag="001">231176</controlfield><controlfield tag="003">CH-000273-5</controlfield><controlfield tag="005">20250829174430.0</controlfield><datafield tag="020" ind1=" " ind2=" "><subfield code="a">978-0-500-02983-1</subfield></datafield><datafield tag="020" ind1=" " ind2=" "><subfield code="z">978-3-03942-239-5</subfield></datafield><datafield tag="040" ind1=" " ind2=" "><subfield code="a">CH-000273-5</subfield><subfield code="b">ger</subfield><subfield code="e">rda</subfield></datafield><datafield tag="041" ind1="0" ind2=" "><subfield code="a">eng</subfield></datafield><datafield tag="100" ind1="1" ind2=" "><subfield code="a">Organ, Bryan </subfield><subfield code="d">1935-</subfield><subfield code="e">Künstler</subfield><subfield code="4">art</subfield></datafield><datafield tag="245" ind1="1" ind2="0"><subfield code="a">Bryan Organ</subfield><subfield code="b">picturing people</subfield><subfield code="c">Charlotte Mullins, Chris Stephens</subfield></datafield><datafield tag="264" ind1=" " ind2="1"><subfield code="a">London</subfield><subfield code="b">Thames &amp; Hudson</subfield><subfield code="c">2025</subfield></datafield><datafield tag="300" ind1=" " ind2=" "><subfield code="a">263 Seiten</subfield><subfield code="b">Illustrationen</subfield><subfield code="c">30 cm</subfield></datafield><datafield tag="336" ind1=" " ind2=" "><subfield code="a">Text</subfield><subfield code="b">txt</subfield><subfield code="2">rdacontent</subfield></datafield><datafield tag="336" ind1=" " ind2=" "><subfield code="a">unbewegtes Bild</subfield><subfield code="b">sti</subfield><subfield code="2">rdacontent</subfield></datafield><datafield tag="337" ind1=" " ind2=" "><subfield code="a">ohne Hilfsmittel zu benutzen</subfield><subfield code="b">n</subfield><subfield code="2">rdamedia</subfield></datafield><datafield tag="338" ind1=" " ind2=" "><subfield code="a">Band</subfield><subfield code="b">nc</subfield><subfield code="2">rdacarrier</subfield></datafield><datafield tag="600" ind1="1" ind2="7"><subfield code="a">Organ, Bryan</subfield><subfield code="d">1935-</subfield><subfield code="x">Bildnismalerei</subfield><subfield code="x">Figurenmalerei</subfield><subfield code="y">Geschichte 1951-2024</subfield><subfield code="2">gnd</subfield></datafield><datafield tag="655" ind1=" " ind2="7"><subfield code="a">Bildband</subfield><subfield code="2">gnd-content</subfield></datafield><datafield tag="700" ind1="1" ind2=" "><subfield code="a">Mullins, Charlotte </subfield><subfield code="d">1972-</subfield><subfield code="e">Verfasser</subfield><subfield code="4">aut</subfield></datafield><datafield tag="700" ind1="1" ind2=" "><subfield code="a">Stephens, Chris</subfield><subfield code="d">1964-</subfield><subfield code="e">Verfasser</subfield><subfield code="4">aut</subfield></datafield><datafield tag="852" ind1="4" ind2=" "><subfield code="a">CH-000273-5</subfield><subfield code="c">G 2025/0104</subfield></datafield></record></collection>